000 00752cam a22002411a 4500
001 538999
003 BD-DhUL
005 20170321120836.0
008 881026s1962 alu 000 0 eng
035 _a538999
040 _aANL
_beng
_cANL
_dANL
_dANL
_dBD-DhUL
082 _a341.11
_bINI
100 1 _aCarper, Edith T.
245 1 0 _aIllinois goes to Congress for Army Land /
_cEdith T. Carper.
260 _aUniversity, Ala. :
_bUniversity of Alabama Press,
_cc1962.
300 _a32 p. :
_bill., maps ;
_c27 cm.
440 0 _aICP case series ;
_vno. 71
500 _aCover title.
500 _aAt head of title: The Inter-University Case Program.
650 0 _aLand
_zIllinois
_zDes Plaines.
651 0 _aDes Plaines (Ill.)
942 _2ddc
_cREF
999 _c166289
_d166289